Sherlock Holmes Actors by Picture Quiz Stats

Quiz Updated Mar 7, 2015

Challenge
Share
Tweet
Score 0/15 Timer 07:00
2 Plays Today
Sherlocks % Correct
Benedict Cumberbatch
84.1%
Robert Downey, Jr.
82.9%
Michael Caine
72%
Basil Rathbone
49.4%
Jonny Lee Miller
35.6%
Brent Spiner
34.7%
Roger Moore
34%
Christopher Lee
33.4%
Sherlocks % Correct
Christopher Plummer
30.2%
Jeremy Brett
27.6%
Peter Cushing
27.2%
Tom Baker
24.3%
Matt Frewer
11.3%
John Barrymore
9.2%
Nicol Williamson
8.7%

You're not logged in!

Compare scores with friends on all Sporcle quizzes.
Sign Up with Email
OR
Log In

You Might Also Like...

Show Comments

Extras

Top Quizzes Today


Score Distribution

Your Account Isn't Verified!

In order to create a playlist on Sporcle, you need to verify the email address you used during registration. Go to your Sporcle Settings to finish the process.